Devine le joueur de football #2 - Statistiques

Statistiques générales
  • Ce quiz a été pris 818 fois
  • Le résultat moyen est 6 sur 15
Statistiques - réponses
Hint Réponse % Correct
Algerie, Attaquant, Manchester city Riyad Mahrez
86%
Ecosse, Milieu, Manchester United Scott McTominay
77%
Portugal, gardien, As Roma Rui Patricio
63%
France, milieu, OL Corentin Tolisso
60%
Croatie, attaquant, Hoffenheim Andrej Kramarić
52%
Brésil, ailier, Benfica David Neres
51%
Arménie, milieu , Inter Milan Henrikh Mkhitaryan
49%
Espagne, milieu, Real Madrid Dani Ceballos
43%
Japon, Mileu, Franckfort Daichi Kamada
32%
Argentine, Buteur, Boca Junior Pipa Benedetto
23%
États Unis, milieu, Valence Yunus Musah
15%
Maroc, Défenseur, réal Valladoid Jawad El Yamiq
14%
Pays-bas, milieu, Ajax Davy Klaassen
12%
Italie, attaquant, Empoli Caputo
3%
Allemagne, défenseur, Dortmund Nico Schulz
2%
Aucun quiz correspondant
Distribution des résultats
% des personnes avec chaque résultat
Percentile par nombre de réponses
Votre historique - résultats
Vous n’avez pas pris ce quiz